| 000 | 00522nam a2200217Ia 4500 | ||
|---|---|---|---|
| 003 | GCL | ||
| 008 | 140319s9999 xx 000 0 eng d | ||
| 040 |
_aGCL / _cGCL |
||
| 082 | 0 | 4 |
_a709.0344 _bW I |
| 100 | 1 | _aWELTON, JUDE | |
| 245 | 1 | 0 |
_aIMPRESSIONISM / _cWELTON, JUDE |
| 260 |
_a[S.N] : _bDORLING KINDERSLEY ، _c1993 |
||
| 300 | _a64 PP | ||
| 650 | 0 | 4 | _aARTS |
| 650 | 0 | 4 | _aHISTORY AND CRITICISM |
| 650 | 0 | 4 | _aHISTORY |
| 650 | 0 | 4 | _aPAINTING |
| 650 | 0 | 4 | _aIMPRESSIONISM |
| 650 | 0 | 4 | _aPAINTERS |
| 942 |
_2ddc _cBK |
||
| 999 |
_c18884 _d18884 |
||